000 00938nam0a22002531 4500
001 rc\689354
005 20250621212727.0
035 _a(NLR Aleph) 005926130
090 _a6528980
_c6528980
100 _a20031121d1985 |||y0rusy50 ca
101 0 _arus
102 _aRU
105 _ay |||||||||
200 1 _aДокументы и материалы по истории Адыгейской организации ВЛКСМ, 1917-1985
_f[Сост. К.Г. Ачмиз и др.
_gВвед. М.Г. Аутлева]
210 _aМайкоп
_cКраснодар. кн. изд-во. Адыг. отд-ние
_d1985
215 _a304 с.
_d21
225 1 _aЛет легендарных перекличка
702 1 _aАчмиз
_bК.Г.
_4220
712 0 2 _aВЛКСМ
_bАдыгейская обл. организация
801 0 _aRU
_bNLR
_gpsbo
801 1 _aRU
_bELAR
_2rusmarc
852 _aNLR
_j86-3/7506
942 _cBOOK
980 _aNB